<?xml version="1.0" encoding="UTF-8"?>
<record
    xmlns:xsi="http://www.w3.org/2001/XMLSchema-instance"
    xsi:schemaLocation="http://www.loc.gov/MARC21/slim http://www.loc.gov/standards/marcxml/schema/MARC21slim.xsd"
    xmlns="http://www.loc.gov/MARC21/slim">

  <leader>01091nam a22002777a 4500</leader>
  <controlfield tag="003">OSt</controlfield>
  <controlfield tag="005">20250801132245.0</controlfield>
  <controlfield tag="008">250716b        |||||||| |||| 00| 0 eng d</controlfield>
  <datafield tag="020" ind1=" " ind2=" ">
    <subfield code="a">9783031199332 (Paperback)</subfield>
    <subfield code="c">USD 85.00</subfield>
  </datafield>
  <datafield tag="040" ind1=" " ind2=" ">
    <subfield code="a">NUST</subfield>
    <subfield code="b">eng</subfield>
    <subfield code="c">NUST</subfield>
    <subfield code="d">NUST</subfield>
    <subfield code="e">rda</subfield>
  </datafield>
  <datafield tag="050" ind1=" " ind2=" ">
    <subfield code="a"> QC174.7 LIS</subfield>
  </datafield>
  <datafield tag="100" ind1=" " ind2=" ">
    <subfield code="a">Luca Lista</subfield>
    <subfield code="e">Author</subfield>
  </datafield>
  <datafield tag="245" ind1=" " ind2=" ">
    <subfield code="a">Statistical methods for data analysis : </subfield>
    <subfield code="b">with applications in particle physics /</subfield>
    <subfield code="c">Luca Lista.</subfield>
  </datafield>
  <datafield tag="250" ind1=" " ind2=" ">
    <subfield code="a">Third edition.</subfield>
  </datafield>
  <datafield tag="260" ind1=" " ind2=" ">
    <subfield code="a">Switzerland:</subfield>
    <subfield code="b">Springer,</subfield>
    <subfield code="c">&#xA9;2023,.</subfield>
  </datafield>
  <datafield tag="300" ind1=" " ind2=" ">
    <subfield code="a">xxx, 334 pages :</subfield>
    <subfield code="b">Illustrations ;</subfield>
    <subfield code="c">25 cm.</subfield>
  </datafield>
  <datafield tag="336" ind1=" " ind2=" ">
    <subfield code="2">rdamedia</subfield>
    <subfield code="a">text</subfield>
    <subfield code="b">txt</subfield>
  </datafield>
  <datafield tag="337" ind1=" " ind2=" ">
    <subfield code="2">rdamedia</subfield>
    <subfield code="a">unmediated</subfield>
    <subfield code="b">n</subfield>
  </datafield>
  <datafield tag="338" ind1=" " ind2=" ">
    <subfield code="2">rdamedia</subfield>
    <subfield code="a">volume</subfield>
    <subfield code="b">nc</subfield>
  </datafield>
  <datafield tag="504" ind1=" " ind2=" ">
    <subfield code="a">Includes bibliographical references and index.</subfield>
  </datafield>
  <datafield tag="650" ind1=" " ind2=" ">
    <subfield code="v">COMPUTERS&#x2009;Artificial Intelligence&#x2009;General.</subfield>
  </datafield>
  <datafield tag="650" ind1=" " ind2=" ">
    <subfield code="v">COMPUTERS&#x2009;Database Administration and Management.</subfield>
  </datafield>
  <datafield tag="650" ind1=" " ind2=" ">
    <subfield code="v">MATHEMATICS&#x2009;Probability and Statistics&#x2009;General.</subfield>
  </datafield>
  <datafield tag="650" ind1=" " ind2=" ">
    <subfield code="v">Computer science, information and general works&#x2009;.</subfield>
  </datafield>
  <datafield tag="942" ind1=" " ind2=" ">
    <subfield code="2">lcc</subfield>
    <subfield code="c">BOOKS</subfield>
    <subfield code="e">Third edition.</subfield>
    <subfield code="h">QC174.7 LIS</subfield>
    <subfield code="k">QC</subfield>
    <subfield code="m">LIS</subfield>
    <subfield code="n">0</subfield>
  </datafield>
  <datafield tag="999" ind1=" " ind2=" ">
    <subfield code="c">172258</subfield>
    <subfield code="d">172258</subfield>
  </datafield>
  <datafield tag="952" ind1=" " ind2=" ">
    <subfield code="0">0</subfield>
    <subfield code="1">0</subfield>
    <subfield code="2">LCC</subfield>
    <subfield code="4">0</subfield>
    <subfield code="7">0</subfield>
    <subfield code="8">NFIC</subfield>
    <subfield code="a">MAIN</subfield>
    <subfield code="b">MAIN</subfield>
    <subfield code="c">GEN</subfield>
    <subfield code="d">2025-07-16</subfield>
    <subfield code="e">Book Aid International</subfield>
    <subfield code="g">85.00</subfield>
    <subfield code="l">0</subfield>
    <subfield code="o"> QC174.7 LIS</subfield>
    <subfield code="p">92004054800</subfield>
    <subfield code="r">2025-07-16 09:35:59</subfield>
    <subfield code="t">61809</subfield>
    <subfield code="v">85.00</subfield>
    <subfield code="w">2025-07-16</subfield>
    <subfield code="y">BOOKS</subfield>
    <subfield code="z">Donation</subfield>
  </datafield>
</record>
